Normal view MARC view

Entry Personal Name

Number of records used in: 1

001 - CONTROL NUMBER

  • control field: 265943

003 - CONTROL NUMBER IDENTIFIER

  • control field: OSt

005 - DATE AND TIME OF LATEST TRANSACTION

  • control field: 20260623125316.0

008 - FIXED-LENGTH DATA ELEMENTS

  • fixed length control field: 260623|| aca||aabn | a|a d

040 ## - CATALOGING SOURCE

  • Original cataloging agency: OSt
  • Transcribing agency: OSt

100 ## - HEADING--PERSONAL NAME

  • Personal name: ECHHEM.
  • Dates associated with a name: ಎಚ್ಚೆಮ್ -(ಎಚ್. ಎಂ. ಪೆರ್ನಾಲ್)

670 ## - SOURCE DATA FOUND

  • Source citation: Work cat.: (OSt)106487: ECHHEM. ಎಚ್ಚೆಮ್ -(ಎಚ್. ಎಂ. ಪೆರ್ನಾಲ್), Kaidyacho kavita: kavita punjo., 2004